[Event "Nuremberg-ch op 06th"]
[Site "Nuremberg"]
[Date "2006.06.03"]
[Round "3.19"]
[White "Jusifow, Ilya"]
[Black "Zwingel, Stephan"]
[Result "1/2-1/2"]
[WhiteElo "1752"]
[BlackElo "1910"]
[PlyCount "74"]
[EventDate "2006.06.02"]
[EventType "swiss"]
[EventRounds "5"]
[EventCountry "GER"]
[SourceTitle "EXT 2007"]
[Source "ChessBase"]
[SourceDate "2006.11.23"]
[SourceVersion "1"]
[SourceVersionDate "2006.11.23"]
[SourceQuality "1"]

1. d4 Nf6 2. Nf3 g6 3. Bg5 Bg7 4. e3 d6 5. c3 Nc6 6. Nbd2 Bf5 7. Be2 a6 8. 0-0 0-0 9. Re1 Qe8 10. Bf1 e5 11. e4 Bd7 12. dxe5 Nxe5 13. Nxe5 dxe5 14. Bc4 b5 15. Bb3 Be6 16. a4 Qc6 17. Bxe6 Qxe6 18. axb5 axb5 19. Qe2 c6 20. f3 Nd7 21. Be3 Bf6 22. Qd1 Ra2 23. Rxa2 Qxa2 24. Qc2 Ra8 25. Nb3 Qa6 26. Ra1 Qb7 27. Rxa8+ Qxa8 28. Qd2 Qd8 29. Nc5 Nxc5 30. Qxd8+ Bxd8 31. Bxc5 f6 32. Kf2 Kf7 33. Ke3 Be7 34. Bxe7 Kxe7 35. b3 Kd6 36. Kd3 Kc5 37. b4+ Kd6 1/2-1/2